000 01057nam0a22002411 4500
001 rc\968873
005 20260407140915.0
035 _a(NLR Aleph) 006137953
090 _a5630955
_c5630955
100 _a20041129d1982 |||y0rusy50 ca
101 0 _arus
102 _aRU
105 _ay |||||||||
200 1 _aГигиеническое обоснование использования абрикосового масла в пищевых целях
_e(Метод. рекомендации)
_fМ-во здравоохранения УзССР, Узб. НИИ санитарии, гигиены и профзаболеваний
_g[Сост. Хасанов Ю.У. и др.]
210 _aТашкент
_cБ. и.
_d1982 (обл. 1983)
215 _a9 с.
_d20
702 1 _aХасанов
_bЮ.У.
_4220
712 0 2 _aНИИ санитарии, гигиены и профзаболеваний
_cТашкент
_3RU\NLR\AUTH\8810008195
_9514128
801 0 _aRU
_bNLR
_gpsbo
801 1 _aRU
_bELAR
_2rusmarc
852 _aNLR
_j84-4/7598
942 _cBOOK
980 _aNB